Making Pilgrimages (Record no. 1101325)

MARC details
000 -LEADER
fixed length control field 00931nam a2200289Ia 4500
003 - CONTROL NUMBER IDENTIFIER
control field OSt
005 - DATE AND TIME OF LATEST TRANSACTION
control field 20221006153742.0
008 - FIXED-LENGTH DATA ELEMENTS--GENERAL INFORMATION
fixed length control field 221006b |||||||| |||| 00| 0 eng d
020 ## - INTERNATIONAL STANDARD BOOK NUMBER
International Standard Book Number 1920185039154
037 ## - SOURCE OF ACQUISITION
Terms of availability Annuals, Advances
040 ## - CATALOGING SOURCE
Original cataloging agency EASL
Transcribing agency EASL
Language of cataloging eng
041 ## - LANGUAGE CODE
Source of code eng
Language code of text/sound track or separate title eng
100 ## - MAIN ENTRY--PERSONAL NAME
Personal name READER Ian
9 (RLIN) 647278
245 #0 - TITLE STATEMENT
Title Making Pilgrimages
Remainder of title Meaning and Practice in Shikoku
260 ## - PUBLICATION, DISTRIBUTION, ETC.
Place of publication, distribution, etc. Hawai'i
Name of publisher, distributor, etc. University of Hawai'i press
Date of publication, distribution, etc. 2005
300 ## - PHYSICAL DESCRIPTION
Extent xiv,350p.
Dimensions cm.
490 ## - SERIES STATEMENT
Volume/sequential designation JEL
650 ## - SUBJECT ADDED ENTRY--TOPICAL TERM
Topical term or geographic name entry element JEL
650 ## - SUBJECT ADDED ENTRY--TOPICAL TERM
Topical term or geographic name entry element Shikoku region - Japan - Religious life and customs
9 (RLIN) 665266
650 ## - SUBJECT ADDED ENTRY--TOPICAL TERM
Topical term or geographic name entry element Buddhist pilgrims and pilgrimages - Japan - Shikoku region
9 (RLIN) 665267
942 ## - ADDED ENTRY ELEMENTS (KOHA)
Classification part Q4:4198.42, P5
Koha item type Reference
Source of classification or shelving scheme Colon Classification (CC)
Holdings
Withdrawn status Lost status Source of classification or shelving scheme Damaged status Not for loan Home library Current library Date acquired Source of acquisition Serial Enumeration / chronology Total Checkouts Full call number Barcode Date last seen Price effective from Koha item type
    Colon Classification (CC)     Department of East Asian Studies Library Department of East Asian Studies Library 2022-10-06 gift, Shinnyo-en JEL   Q4:4198.42 P5 EA1393432 2022-10-06 2022-10-06 Reference
Copyright @ Delhi University Library System